01319nab a22002417a 4500003000400000005001700004008004100021040000700062100002100069245010500090300001500195500003600210505038100246505013400627650002300761650001100784650002800795650002300823650001300846650004000859650002900899773014900928OSt20260101205229.0190514b xxu||||| |||| 00| 0 spa d cPJ aBertini, Adriana10aUn caso de fraude a la ganancialidad y un análisis con perspectiva de género /cAdriana Bertini. ap. 142-151 aCita: TR LALEY AR/DOC/451/2025. aSumario: I. Los hechos.— II. Las cuestiones debatidas.— III. El proceso de liquidación de la comunidad.— IV. El abordaje del conflicto con perspectiva de género.— V. La flexibilidad de las formas en los procesos de familia y la perspectiva de género.— VI. El fraude y la solución al caso a través del sistema de las recompensas.— VII. Reflexión final.  aFallo comentado: CCiv., Com. y Minería, General Roca ~ 24/07/2024 ~ C. C. L. c. B. A. M. s/ liquidación de sociedad conyugal. 0aDERECHO DE FAMILIA 0aFRAUDE 0aPERSPECTIVA DE GÉNERO 0aBIENES GANANCIALES 0aDIVORCIO 0aLIQUIDACION DE LA SOCIEDAD CONYUGAL 0aJURISPRUDENCIA APLICABLE0 02844dBuenos Aires : AbeledoPerrot, 1989-tDerecho de familia. Revista Interdisciplinaria de doctrina y jurisprudencia. Abril 2025-II.z18511201